| 000 | 00468 a2200193 4500 | ||
|---|---|---|---|
| 001 | 002326 | ||
| 003 | OSt | ||
| 005 | 20220113163117.0 | ||
| 008 | |||
| 020 | _a9781420083286 | ||
| 082 |
_a512.7 _bM73A |
||
| 100 | 1 | _aKoblitz, Neal | |
| 245 | 1 |
_aAdvance number theory with applications _cby Neal Koblitz |
|
| 250 | _a2nd ed. | ||
| 260 |
_aNew York _bSpringer _c2010 |
||
| 300 | _a235p. | ||
| 690 | _aNumber Theory | ||
| 942 |
_2ddc _cBK |
||
| 999 |
_c71 _d71 |
||